Poslanie vedeckej a technickej inteligencie v modernej spoločnosti medzinárodná konferencia : Bratislava, Slovensko 20.-21.10.1994
| Corporate Author: | |
|---|---|
| Format: | Conference Proceeding Book |
| Language: | Slovak Czech English |
| PhysicalDescription: | 70 strán 21 cm |
| Published: |
Bratislava
Dom techniky ZSVTS
1994
|
| ISBN: | 8023303171 |
| Edition: | 1. vyd. |
| Subjects: |
MARC
| LEADER | 00000cam a2200000 a 4500 | ||
|---|---|---|---|
| 001 | vtls009643215 | ||
| 003 | SK-MaSNL | ||
| 005 | 20260426012052.0 | ||
| 008 | 240226s1994 xo frn 100 s slo | ||
| 015 | |a SNBA1994 | ||
| 020 | |a 8023303171 |q (brožované) | ||
| 040 | |a SNK |b slo |c SNK |e AACR2 | ||
| 041 | 0 | |a slo |a cze |a eng | |
| 043 | |a e-xo--- | ||
| 044 | |a xo |c SK | ||
| 072 | 7 | |a 00 |x Veda. Všeobecnosti. Základy vedy a kultúry. Vedecká práca |2 konspekt | |
| 080 | |a 001:62 |2 2011 | ||
| 080 | |a 005.745-027.543 |2 2001 | ||
| 080 | |a (437.611) |2 2011 | ||
| 080 | |a (042.3) |2 2011 | ||
| 080 | |a (062.534) |2 2011 | ||
| 111 | 2 | |a Poslanie vedeckej a technickej inteligencie v modernej spoločnosti (medzinárodná konferencia) |d (1994 : |c Bratislava, Slovensko) |4 aut |9 698475 | |
| 245 | 1 | 0 | |a Poslanie vedeckej a technickej inteligencie v modernej spoločnosti |b medzinárodná konferencia : Bratislava, Slovensko 20.-21.10.1994 |c [kolektív] |
| 246 | 3 | 8 | |a Poslanie vedeckej a technickej inteligencie v modernej spoločnosti |b medzinárodná konferencia |
| 250 | |a 1. vyd. | ||
| 260 | |a Bratislava |b Dom techniky ZSVTS |c 1994 | ||
| 300 | |a 70 strán |c 21 cm | ||
| 500 | |a Názov z obalu | ||
| 500 | |a Vydal Zväz slovenských vedeckotechnických spoločností, Regionálna koordinačná rada stredo a východoeurópskych inžinierskych organizácií | ||
| 500 | |a Názov z tiráže: Poslanie vedeckej a technickej inteligencie v modernej spoločnosti : medzinárodná konferencia | ||
| 504 | |a Bibliografia na konci kapitol | ||
| 546 | |a Súbežný text v češtine a angličtine | ||
| 648 | 7 | |a 1994 |2 SNKPH |9 270209 | |
| 650 | 0 | 7 | |a veda a technika |2 SNKPH |9 3998 |
| 650 | 0 | 7 | |a vedecká inteligencia |2 SNKPH |9 698476 |
| 650 | 0 | 7 | |a technická inteligencia |2 SNKPH |9 698477 |
| 650 | 0 | 7 | |a medzinárodné konferencie |2 SNKPH |9 64889 |
| 651 | 7 | |a Bratislava (Slovensko) |2 SNKPHgeo |9 14568 | |
| 655 | 7 | |a prednášky |2 SNKPH |9 70554 | |
| 655 | 7 | |a zborníky konferencií |2 SNKPH |9 70153 | |
| 710 | 2 | |a Zväz slovenských vedeckotechnických spoločností |4 pbl |9 36636 | |
| 710 | 2 | |a Regionálna koordinačná rada stredo a východoeurópskych inžinierskych organizácií |4 pbl |9 63151 | |
| 954 | |a odborná, vedecká literatúra pôvodná (slovenská) |2 lita | ||
| 958 | |a RK | ||
| 958 | |a TL | ||
| 958 | |a NB | ||
| 958 | |a OND | ||
| 958 | |a ZB | ||
| 999 | |c 1087939 |d 1089869 | ||
| 952 | |t P60, <04>, [BOOK], {604} |a SNK |b SNK |y VYP |7 0 |p 17A0098847 |o snkSC 87103/[2] D1 |0 0 |1 0 |4 0 |d 1997-11-24 |l 0 |r 2004-12-31 00:00:00 |w 2026-02-24 | ||
| 952 | |a SNK |b SNK |y PREZ |7 0 |p 17A1012038 |o snkSC 87103/[2] |i snkKSP 10642/94 |0 0 |1 0 |4 0 |d 2012-08-28 |f 1 |l 0 |r 2026-02-24 16:47:40 |w 2026-02-24 | ||


